El papel del Congreso en el proceso presupuestario en América Latina /

En este se analiza la pertinencia del debate sobre el rol de los Congresos Nacionales y/o Asambleas Legislativas en el proceso presupuestario y el control del presupuesto público, en los países de América latina. Trata algunos aspectos vinculados a los determinantes que tiene la institucionalidad en...

Descrizione completa

Salvato in:
Dettagli Bibliografici
Autore principale: Rodríguez, Jesús
Natura: testo
Soggetti:
Tags: Aggiungi Tag
Nessun Tag, puoi essere il primo ad aggiungerne!!

MARC

LEADER 00000 a a2200000 04500
001 41199
003
040
100 |a Rodríguez, Jesús  
245 |a El papel del Congreso en el proceso presupuestario en América Latina /  |c Jesús Rodríguez  
520 |a En este se analiza la pertinencia del debate sobre el rol de los Congresos Nacionales y/o Asambleas Legislativas en el proceso presupuestario y el control del presupuesto público, en los países de América latina. Trata algunos aspectos vinculados a los determinantes que tiene la institucionalidad en ese proceso y hace una presentación con relación al papel del Poder Legislativo en lo que respecta al control presupuestario  
590 |a SJB/NOVIEMBRE2012  
650 |a PRESUPUESTO NACIONAL  
650 |a RECURSOS PRESUPUESTARIOS  
650 |a PRESUPUESTO  
650 |a CONTROL INTERNO  
650 |a ASAMBLEA LEGISLATIVA  
650 |a AMERICA LATINA  
773 |g número48 (2005), páginas 45-54 : tablas  
999 |c 40000  |d 40000